Clubs participant à la Ligue des champions 25/26 - Mort subite - Statistiques

Statistiques générales
  • Ce quiz a été pris 879 fois
  • Le résultat moyen est 10 sur 20
Answers on the Grid
Answers color-coded by a green-red scale on the quiz's grid according to % correct below.
Villarreal
FC Barcelone
Real Madrid
Sporting CP
Benfica
Arsenal
Borussia Dortmund
Bayer Leverkusen
Paris Saint-Germain
Juventus
Atalanta Bergame
Inter Milan
Galatasaray
Ajax Amsterdam
Chelsea
Olympique de Marseille
SSC Napoli
Páfos FC
Qarabağ FK
Newcastle United
LOSC Lille
ŠK Slovan Bratislava
Celtic FC
Girona
Aston Villa
Stade Brestois
AC Milan
RB Leipzig
FC Bâle
FC Porto
Manchester United
Olympique lyonnais
Fiorentina
Sparta Prague
Rangers FC
AS Rome
 
Statistiques - réponses
Réponse % Correct
Real Madrid
60%
Inter Milan
56%
Arsenal
53%
Borussia Dortmund
53%
FC Barcelone
53%
Olympique de Marseille
53%
Paris Saint-Germain
53%
Bayer Leverkusen
49%
SSC Napoli
49%
Chelsea
48%
Juventus
48%
Newcastle United
48%
Páfos FC
48%
Benfica
47%
Atalanta Bergame
46%
Galatasaray
45%
Ajax Amsterdam
42%
Qarabağ FK
42%
Sporting CP
42%
Villarreal
38%
Aucun quiz correspondant
Distribution des résultats
% des personnes avec chaque résultat
Percentile par nombre de réponses
Votre historique - résultats
Vous n’avez pas pris ce quiz